Literature - American | 0 | 4 | 0 | 0 | 40 | 93 | 109.00 | 0 | 0 |
Literature - British | 0 | 3 | 0 | 0 | 30 | 97 | 126.00 | 0 | 1 |
Science - Biology | 0 | 2 | 0 | 0 | 20 | 115 | 117.00 | 0 | 0 |
History - American | 0 | 2 | 0 | 0 | 20 | 102 | 111.00 | 0 | 0 |
Other - Other Academic and General Knowledge | 0 | 2 | 0 | 0 | 20 | 90 | 107.00 | 0 | 0 |
Fine Arts - Painting | 0 | 2 | 0 | 0 | 20 | 121 | 124.00 | 0 | 0 |
Fine Arts - Music | 0 | 2 | 0 | 0 | 20 | 115 | 115.00 | 0 | 0 |
Literature - World and Miscellaneous | 0 | 1 | 0 | 0 | 10 | 110 | 110.00 | 0 | 0 |
RMP - Philosophy | 0 | 1 | 0 | 0 | 10 | 117 | 117.00 | 0 | 0 |
RMP - World Mythology | 0 | 1 | 0 | 0 | 10 | 143 | 143.00 | 0 | 0 |
Science - Physics | 0 | 1 | 0 | 0 | 10 | 125 | 125.00 | 0 | 0 |
Fine Arts - Miscellaneous | 0 | 1 | 0 | 0 | 10 | 123 | 123.00 | 0 | 0 |
Fine Arts - Photography | 0 | 1 | 0 | 0 | 10 | 101 | 101.00 | 0 | 0 |
Geography - Europe | 0 | 1 | 0 | 0 | 10 | 59 | 59.00 | 0 | 1 |
History - European | 0 | 1 | 0 | 0 | 10 | 96 | 96.00 | 0 | 0 |
History - World | 0 | 1 | 0 | 0 | 10 | 122 | 122.00 | 0 | 0 |
Literature - European | 0 | 1 | 0 | 0 | 10 | 115 | 115.00 | 0 | 0 |
Fine Arts - Architecture | 0 | 1 | 0 | 0 | 10 | 109 | 109.00 | 0 | 0 |
Science - Chemistry | 0 | 1 | 0 | 0 | 10 | 121 | 121.00 | 0 | 0 |
Fine Arts - Opera | 0 | 0 | 0 | 0 | 0 | | 0.00 | 0 | 0 |